| 000 | 005450000a22002050004500 | ||
|---|---|---|---|
| 005 | 20120302061406.0 | ||
| 942 | _cBOOK | ||
| 100 | _a Dale,Henry Hallett | ||
| 245 | _a Adventures in Physiology:With Excursions into AutoPharmacology | ||
| 260 | _aLondon:The Wellcome Trust,1965 | ||
| 300 | _a16,652p. | ||
| 040 | _aENG | ||
| 365 | _bRs. | ||
| 650 | _aPhysiology | ||
| 650 | _aAutopharmacology | ||
| 650 | _aAdventures Action-Ergot | ||
| 650 | _aAnaphylactic Reaction | ||
| 650 | _aAction-Ergotoxine | ||
| 650 | _aChemical Transmission | ||
| 999 |
_c353841 _d353838 |
||